Orinoquia viva: (Registro nro. 19060)
[ vista simple ]
| 000 -CABECERA | |
|---|---|
| Campo de control | 01365nam a2200313 a 4500 |
| 005 - FECHA Y HORA DE LA ULTIMA TRANSACCION | |
| Campo de control | 20200104041750.0 |
| 008 - ELEMENTOS DE LONGITUD FIJA—INFORMACION GENERAL | |
| Campo de control | 161007b2016 ck ad|||r|||| 00| 0 spa d |
| 020 ## - ISBN | |
| ISBN | 9789588889887 (impreso) |
| 020 ## - ISBN | |
| ISBN | 9789588889894 (digital) |
| 040 ## - FUENTE DE CATALOGACIÓN | |
| Agencia catalogadora original | CO-BoIAVH |
| Agencia transcriptora | CO-BoIAVH |
| 041 0# - IDIOMA | |
| Código de idioma para texto/pista de sonido o título separado | Español |
| 044 ## - PAÍS DE PUBLICACIÓN | |
| País de publicación | Colombia |
| 082 04 - NUMERO DE CLASIFICACION DECIMAL DEWEY | |
| Número de clasificación | 333.9516 |
| Número del ítem | O69v |
| 245 10 - MENCION DE TITULO | |
| Título | Orinoquia viva: |
| Parte restante del título | Biodiversidad y servicios ecosistémicos en el área de influencia del Oleoducto Bicentenario / |
| Mención de responsabilidad | editado por Talia Waldrón [y otors 3] |
| 260 ## - PUBLICACION, DISTRIBUCION, ETC. (PIE DE IMPRENTA) | |
| Lugar de publicación, distribución, etc. | Bogotá, Colombia : |
| Nombre del editor, distribuidor, etc. | Instituto de Investigación de Recursos Biológicos Alexander von Humboldt, |
| Fecha de publicación, distribución, etc. | 2016. |
| 300 ## - DESCRIPCION FISICA | |
| Extensión | 36 páginas : |
| Otros detalles físicos | ilustraciones a color y gráficas ; |
| Dimensiones | 32 x 24 cm. |
| 504 ## - NOTA DE BIBLIOGRAFIA, ETC. | |
| Nota de bibliografía | Incluye referencias bibliográficas. |
| 651 26 - ASIENTO SECUNDARIO DE MATERIA - NOMBRE GEOGRAFICO | |
| Nombre geográfico | Orinoquia |
| 9 (RLIN) | 76687 |
| 651 26 - ASIENTO SECUNDARIO DE MATERIA - NOMBRE GEOGRAFICO | |
| Nombre geográfico | Orinoquia |
| Subdivisión general | Biodiversidad |
| 9 (RLIN) | 76688 |
| 651 26 - ASIENTO SECUNDARIO DE MATERIA - NOMBRE GEOGRAFICO | |
| Nombre geográfico | Orinoquia |
| Subdivisión general | servicios de los ecosistemas |
| 9 (RLIN) | 76689 |
| 651 26 - ASIENTO SECUNDARIO DE MATERIA - NOMBRE GEOGRAFICO | |
| Nombre geográfico | Orinoquia |
| Subdivisión general | Especies |
| -- | objeto de conservación |
| 9 (RLIN) | 76690 |
| 651 26 - ASIENTO SECUNDARIO DE MATERIA - NOMBRE GEOGRAFICO | |
| Nombre geográfico | Colombia |
| Subdivisión geográfica | Arauca (Departamento) |
| 9 (RLIN) | 76691 |
| 651 26 - ASIENTO SECUNDARIO DE MATERIA - NOMBRE GEOGRAFICO | |
| Nombre geográfico | Colombia |
| Subdivisión geográfica | Casanare (Departamento) |
| 9 (RLIN) | 76692 |
| 700 1# - ASIENTO SECUNDARIO - NOMBRE PERSONAL | |
| Nombre personal | Waldrón, Talía |
| Término de relación | editora |
| 9 (RLIN) | 5839 |
| 700 1# - ASIENTO SECUNDARIO - NOMBRE PERSONAL | |
| Nombre personal | Vieira Muñoz, María Isabel |
| Término de relación | editora |
| 9 (RLIN) | 2767 |
| 700 1# - ASIENTO SECUNDARIO - NOMBRE PERSONAL | |
| Nombre personal | Díaz-Timoté, Julián |
| Término de relación | editor |
| 9 (RLIN) | 76679 |
| 710 2# - ASIENTO SECUNDARIO - NOMBRE CORPORATIVO | |
| Nombre corporativo o de jurisdicción como elemento de entrada | Instituto de Investigación de Recursos Biológicos Alexander von Humboldt |
| 9 (RLIN) | 204 |
| 942 ## - ELEMENTOS ADICIONALES (KOHA) | |
| Sistema de clasificación | Dewey Decimal Classification |
| Tipo de ítem | Libro |
| Koha issues (borrowed), all copies | 1 |
| Withdrawn status | Lost status | Sistema de Clasificación | Damaged status | No para préstamo | Colección | Inventariado | Ubicación Permanente | Ubicación actual | Fecha de adquisición | Fuente de Valor | Valor | Total Checkouts | Número topográfico | Inventario / Código de Barras | Date last seen | Date checked out | Ejemplar | Price effective from | Forma de adquisición | Tipo de material |
|---|---|---|---|---|---|---|---|---|---|---|---|---|---|---|---|---|---|---|---|---|
| Dewey Decimal Classification | Humboldt | Inventariado 2017 | Bogotá | Bogotá | 12/10/2016 | Instituto | 39000.00 | 1 | IAVH-333.9516 O69v | 040759 | 22/06/2017 | 22/06/2017 | Ej. 1 | 12/10/2016 | Institucional | Libro | ||||
| Dewey Decimal Classification | Humboldt | Inventariado 2017 | Sala Fabio Quevedo | Sala Fabio Quevedo | 12/10/2016 | Instituto | 39000.00 | IAVH-333.9516 O69v | 040760 | 12/10/2016 | Ej. 2 | 12/10/2016 | Institucional | Libro | ||||||
| Dewey Decimal Classification | Humboldt | Inventariado 2017 | Villa de Leyva | Villa de Leyva | 30/08/2017 | Instituto | 39000.00 | IAVH-333.9516 O69v | 042831 | 30/08/2017 | Ej. 3 | 30/08/2017 | Institucional | Libro |